000
00352nam a2200157Ia 4500
003
OSt
005
20240207094459.0
008
170524s9999 xx 000 0 und d
020
_a
978-0073529776
040
_c
IIMT UNIVERSITY
100
_a
SPIRO ROSAMN
100
_c
2011
245
0
_a
MANAGEMENT OF A SALES FORCE
260
_a
TMH
942
_2
ddc
_c
01
999
_c
2635
_d
2635